National 1 (2025-2026) - Statistiques

Statistiques générales
  • Ce quiz a été pris 17 fois
  • Le résultat moyen est 5 sur 15
Statistiques - réponses
Hint Réponse % Correct
Quelle est l'autre équipe reléguée de Ligue 2 ? FC Martigues
80%
Quelle équipe normande historique du football professionnel français a été relégué lors de l'exercice de Ligue 2 2024-2025 ? Stade Malherbe Caen
80%
A quelle équipe appartient-il ? Paris 13 Atlético
40%
Cette équipe qui jouera dans ses couleurs bleu et blanc habituelles décompte un pilote de F1 dans ses propriétaires FC Versailles
33%
Quelle équipe jouera en jaune et bleue, en hommage à sa ville ? Stade briochin
33%
Quel stade accueillera deux équipes d'une même Métropole ? Stade Robert-Diochon
33%
Quel est le plus grand stade du championnat ? Stade du Hainaut
27%
A quelle équipe historique des championnats professionnels appartient-il ? Valenciennes FC
27%
Quelle ancienne équipe de Ligue 1 disputera sa 3ème saison de National ? Dijon FCO
20%
Quelle est l'équipe de région parisienne qui disputera le championnat ce 3ème division masculine tout en ayant une équipe féminine en 1ère division ? FC Fleury 91
20%
Quelle équipe possède le budget le plus conséquent ? (*selon wikipédia) FC Sochaux Montbelliard
20%
Quel est le plus petit stade du championnat ? Stade Pelé
20%
Quelle équipe, familière au championnat, a des joueurs surnommés "les thoniers" US Concarneau
20%
Quelle est l'équipe que jouera dans le stade de la libération ? US Boulogne Côte d'Opale
13%
Quelle équipe a arbore une guepe sur son logo ? US Orléans
13%
Aucun quiz correspondant
Distribution des résultats
% des personnes avec chaque résultat
Percentile par nombre de réponses
Votre historique - résultats
Vous n’avez pas pris ce quiz